| 000 | 00721nam a22002057a 4500 | ||
|---|---|---|---|
| 999 |
_c8975 _d8975 |
||
| 003 | AR-CdUCM | ||
| 008 | 190327b ||||| |||| 00| 0 spa d | ||
| 040 |
_aMUNICIPALIDAD PROVINCIAL DEL CUSCO _cBIBLIOTECA MUNICIPAL DEL CUSCO |
||
| 082 |
_22ed _a869.335 / _bN44 |
||
| 100 |
_aNeruda, Pablo _92359 |
||
| 245 | _aCanto general / | ||
| 260 |
_aMéxico : _bEdiciones Océano, _c1952. |
||
| 300 |
_a567 páginas ; _c16 cm. |
||
| 505 | _aContenido: La lampara en la tierra -- Alturas de Machu Picchu -- Los conquistadores -- Los libertadores -- América, no invoco tu nombre en vano... | ||
| 650 |
_aPoesia chilena _95520 |
||
| 650 |
_aSiglo XX _98 |
||
| 650 |
_aLatinoamerica _94398 |
||
| 942 |
_2ddc _cLIBROS |
||
| 945 | _adavv | ||